MARC

LEADER 00000nam0a2200000 4500
001 260531
005 20231101233503.0
020 |a RU  |b 87-53984 
035 |a (RuTPU)RU\TPU\book\283481 
090 |a 260531 
100 |a 20140516d1987 km y0rusy5003 ca 
101 0 |a rus 
102 |a RU 
105 |a a z 001zy 
200 1 |a Контактные системы  |f В. В. Осташявичюс [и др.] 
210 |a Ленинград  |c Машиностроение  |d 1987 
215 |a 278 с.  |c ил.  |d 22 см 
300 |a Авт. указаны на обороте тит. л. 
320 |a Библиогр.: с. 274-277 (91 назв.). 
606 1 |a Контакты  |x Электротехника  |2 stltpush  |3 (RuTPU)RU\TPU\subj\15486  |9 41724 
610 1 |a контактные системы 
610 1 |a конструкции 
610 1 |a моделирование 
610 1 |a проектирование 
610 1 |a расчет 
610 1 |a измерение 
610 1 |a контроль 
610 1 |a оптимизация 
610 1 |a перспективы 
675 |a 621.3.066  |z rus  |v 3 
701 1 |a Осташявичюс  |b В. В.  |g Витаутас Витаутович 
701 1 |a Рудгальвис  |b Б. В.  |g Бенедиктас Ваиловович 
701 1 |a Рагульскене  |b В. Л.  |g Вида Леоновна 
701 1 |a Башкис  |b Б. П.  |g Бронюс Повилович 
801 0 |a RU  |b RuMRKP  |c 19950417  |g psbo 
801 1 |a RU  |b 63413507  |c 20140516 
801 2 |a RU  |b 63413507  |c 20150924  |g RCR 
942 |c BK